| 000 | 00782nam a2200229Ii 4500 | ||
|---|---|---|---|
| 003 | JO-AjNU | ||
| 008 | 230605s9999||||xx |||||||||||||| ||und|| | ||
| 017 | _a2008/1874 | ||
| 020 | _a977-11-1551-0 | ||
| 040 |
_aJO-AjNU _bara _erda _cJO-AjNU |
||
| 041 | _aara | ||
| 050 | 1 | 4 | _aPJ7745.I11.I15.2008 |
| 100 | 3 |
_aتأليف الأندلسي أبي عمر أحمد بن محمد بن عبد ربه؛ راجعه وحققه إبراهيم محمد صقر, _eauthor _911460 |
|
| 245 | 0 | 0 | _aكتاب العقد الفريد |
| 250 | _aط1 | ||
| 264 | 3 | 1 | _aالقاهرة: مكتبة مصر، 2008 |
| 300 | _aمج2، 608ص | ||
| 336 |
_atext _btxt _2rdacontent |
||
| 337 |
_aunmediated _bn _2rdamedia |
||
| 338 |
_avolume _bnc _2rdacarrier |
||
| 650 | 4 |
_aالأدب العربي _911461 |
|
| 999 |
_aA2337 _c5905 _d5905 |
||